000 00319nam a2200109Ia 4500
008 171211s9999 xx 000 0 und d
245 _aProfessional Web Design: The Best of Smashing Magazine
245 _cSmashing
260 _c2011
650 _xWeb Development
856 _uhttp://down.ebook777.com/017/1119992753.pdf
999 _c350038
_d350038